| 000 | 00549nam a22001697a 4500 | ||
|---|---|---|---|
| 003 | OSt | ||
| 005 | 20260224092541.0 | ||
| 008 | 260224b |||||||| |||| 00| 0 eng d | ||
| 040 | _cMRSPTU | ||
| 041 | _aEnglish | ||
| 100 | _aAbhishek Goel, Supervisor: Dr. Manjeet Bansal | ||
| 245 | _aAnalysis and Management of Waste Plastic Bottles in the Cantonment of Assam | ||
| 260 |
_bDepartment of Civil Engg. MRSPTU, Bathinda _c2017 |
||
| 650 | _aCivil Engineering | ||
| 856 | _uhttp://163.47.215.52:8080/jspui/handle/123456789/433 | ||
| 942 |
_2ddc _cTH _n0 |
||
| 999 |
_c10986 _d10986 |
||